Statistics for Countries by Most Cars Manufactured on a Map

Click here to take the quiz!

General Stats

  • This quiz has been taken 160 times
  • The average score is 13 of 15

Answers on the Map

Answers color-coded by a green-red scale on the quiz's map according to % correct below.
 

Answer Stats

#Answer% Correct
2United States
100%
1China
99%
4Germany
99%
10France
98%
13Russia
97%
8Brazil
94%
5India
94%
9Spain
94%
12Canada
92%
3Japan
92%
6Mexico
92%
7South Korea
85%
14Turkey
68%
15Czech Republic
56%
11Thailand
52%

Score Distribution

Percentile by Number Answered

Percent of People with Each Score

Your Score History

You have not taken this quiz